00696nam a2200193Ia 4500952015500000999001700155003000400172005001700176008004100193020001800234040000900252082002200261100002300283245007700306260004800383300000900431650001200440942005000452 00102ddc40708SOCIAL SCIENCEaMESbMEScSOCIAL SCIENCEd2019-02-20g295.00l0o302.230954 SAH/Mp36840r2019-02-20 00:00:00w2019-02-20yBKzGL50R2 c14737d14737OSt20201019101855.0190216s9999||||xx |||||||||||||| ||und|| a9780195684582 coclc a302.230954bSAH/M aSahay, Uday 95867 0aMaking News:bHand Book Of The Media In Contemporary India /cUday Sahay bOxford University Press,c2006.aNew Delhi: a282p aEnglish cBK2ddch302.230954iSAH/Mk302.230954mSAH/M